01185nab a22002297a 4500003000400000005001700004008004100021040001100062100001700073245009800090260007300188300001300261500015400274505019900428505008900627650002700716650001400743650001500757650002900772650000900801773014500810OSt20250218124557.0190603e xxum|||| |||| 00| 0 spa d cPJ-TDF aTale, Camilo10aAnatocismo : bcuestiones de interpretación del art. 770 Cód. Civ. y Com. /cCamilo Tale. cCiudad Autónoma de Buenos Aires :aThomson Reuters La Ley, b2024. ap. 42-53 aCita: TR LALEY AR/DOC/1985/2024. Publicado en: R.C.C. y C. 2024 (Septiembre-Octubre). EDICIÓN ESPECIAL: XXIX Jornadas Nacionales de Derecho Civil. aSumario: I. Introducción.— II. Algunas cuestiones relativas al inc. a).— III. Algunas cuestiones de interpretación del inc. b).— IV. Algunas cuestiones de interpretación del inc. c). t¿Te interesa el texto completo? Solicitalo al correo: koha@justierradelfuego.gov.ar 0aDEFENSA DEL CONSUMIDOR 0aINTERESES 0aANATOCISMO 0aCODIGO CIVIL Y COMERCIAL 0aMORA0 02713dCiudad Autónoma de Buenos Aires : Thomson Reuters La Ley, 2015-tRevista Código Civil y Comercial. Nº 5 - Septiembre-Octubre 2024